| 000 | 01022nam a2200325 a 4500 | ||
|---|---|---|---|
| 001 | |||
| 003 | DO-SdBNP | ||
| 005 | 20220330121441.0 | ||
| 007 | |||
| 008 | 130306s2005 mx a 000 f spa d | ||
| 020 | _a978970688555 | ||
| 040 |
_aBPMSU _bspa _cBPMSU |
||
| 082 |
_aCo863.6 _b _222 |
||
| 100 | 1 | _aMéndez, Gerardo. | |
| 245 | 1 | 0 |
_aJuan Juanetes / _cGerardo Méndez ; ilustraciones de Éricka Martínez. |
| 260 |
_aMéxico : _bEdiciones SM, _c2008 |
||
| 300 |
_a[64] p. ; _bil. ; _c21 cm. |
||
| 490 | 0 | _a Biblioteca Susaeta | |
| 650 | 4 | _aCuentos infantiles colombianos. | |
| 650 | 4 |
_aMentiras _vCuentos infantiles. |
|
| 650 | 4 | _aLiteratura infantil colombiana | |
| 700 | 1 |
_aMartínez, Ericka, _eilustraciones |
|
| 910 | _aVMateo V. | ||
| 942 |
_2ddc _cBK |
||
| 945 | _aIvnentariado extranjero / 2017 VM | ||
| 956 |
_aDGARCIA _b10 _c20130306 _lBND01 _h1247 |
||
| 956 |
_aKLANTIGUA _b10 _c20130306 _lBND01 _h1352 |
||
| 956 |
_aMFILETO _b40 _c20131023 _lBND01 _h1349 |
||
| 956 |
_aVMATEO _b10 _c20150907 _lBPMSU _h00151 |
||
| 999 |
_c14126 _d14126 |
||